00489 2200205 4500001002100000005001500021008004100036020001800077035001900095041000700114082001000121090001600131100002500147700002000172245001800192260002100210300003200231500000600263650001400269INLIS00000000000356420241224112740241224||||||||| | ||| |||| || |  a979-16922-9-7 0010-1224003564 aen0 a613.2 a613.2 ROI y0 aMichael F.Roizen,M.D0 aMehmet C.OZ,M.D00aYou On A Diet bSalamadanic2010 axvi, 344 hlm.; ilus.: 24 cm a1 0akesehatan